Представление документа в формате RUSMARC

ПолеНазваниеЗначение
  Тип записи a
  Библиографический уровень c
001 Контрольный номер 1cc8209c56a14a58a66d40db68247469
005 Дата корректировки 20260515125914.8
010 Индекс ISBN __
a ISBN 978-5-907962-58-3
100 Данные общей обработки __
a Данные общей обработки 20260513d2026 ma y0rusy028902 ca
101 Язык документа 0_
a Язык текста rus
102 Страна публикации __
a Страна публикации RU
105 Кодированные данные (монография) __
a Кодированные данные (монография) a z 000ay
181 Поле кодированных данных: вид содержания _0
a Код вида содержания (ISBD) i
182 Поле кодированных данных: тип средства _0
a Код типа средства (ISBD) n
200 Заглавие и сведения об ответственности 1_
a Заглавие Любовь на полынной улице
e Сведения, относящиеся к заглавию сборник рассказов
203 Вид содержания и тип средства __
a Вид содержания Текст
c Тип средства непосредственный
210 Выходные данные 1_
a Место издания Москва
c Издательство Полынь
c Издательство Теория невероятности
d Дата издания 2026
215 Физическое описание __
a Объем 405, [2] с.
c Иллюстрации/тип воспроизводства ил.
d Формат 21 см
300 Общие примечания __
a Общие примечания Содержание раскрыто в макете
330 Аннотация __
a Аннотация Любовь бывает разная: светлая и горькая, жгучая и нежная, на пару мгновений и на всю жизнь. Авторы издательства «Полынь» написали девять историй, которые отправят вас в романтическое путешествие. Вы увидите, как влюбляются простые люди, маги, ангелы, эльфы и даже боги. Стоит ли любовь всех тех испытаний, на которые ради нее идут? Рассказы помогут вам найти ответ.
333 Примечание о целевом назначении __
a Примечание о целевом назначении 16+. Для детей старше 16 лет
464 Аналитический уровень _0
1 2001
a Шестеренки Историй
f Анна Дарвага
1 700 1
a Дарвага
b А.
g Анна
4 070
464 Аналитический уровень _0
1 2001
a Я все еще здесь
f Мария Сакрытина
1 700 1
a Сакрытина
b М. Н.
g Мария Николаевна
4 070
464 Аналитический уровень _0
1 2001
a Лунная прохлада
f Анастасия Худякова
1 700 1
a Худякова
b А. В.
g Анастасия Викторовна
4 070
464 Аналитический уровень _0
1 2001
a Любовь в тени огня
f Светлана Фролова
1 700 1
a Фролова
b С.
g Светлана
4 070
464 Аналитический уровень _0
1 2001
a Снежный вальс
f Елена Осадчая
1 700 1
a Осадчая
b Е.
g Елена
4 070
464 Аналитический уровень _0
1 2001
a Белая дама
f Юлия Бабчинская
1 700 1
a Бабчинская
b Ю. Д.
g Юлия Дмитриевна
4 070
464 Аналитический уровень _0
1 2001
a Примерка
f Наталья Хари
1 700 1
a Хари
b Н.
g Наталья
4 070
464 Аналитический уровень _0
1 2001
a Украденная жизнь
f Сора Наумова, Мария Дубинина
1 700 1
a Наумова
b С.
g Сора
4 070
464 Аналитический уровень _0
1 2001
a Украденная жизнь
f Сора Наумова, Мария Дубинина
1 700 1
a Дубинина
b М.
g Мария
4 070
464 Аналитический уровень _0
1 2001
a Все ради дружбы
f Алина Брюс
1 700 1
a Брюс
b А.
g Алина
4 070
606 Тематические рубрики __
2 Код системы nlr_sh
a Основная рубрика Художественная литература
606 Тематические рубрики __
2 Код системы nlr_sh
a Основная рубрика Современная русская литература (произведения)
610 Ключевые слова 0_
a Ключевые слова рассказы
610 Ключевые слова 0_
a Ключевые слова русская литература
610 Ключевые слова 0_
a Ключевые слова современная проза
610 Ключевые слова 0_
a Ключевые слова любовные рассказы
610 Ключевые слова 0_
a Ключевые слова тема любви
610 Ключевые слова 0_
a Ключевые слова young adult
610 Ключевые слова 0_
a Ключевые слова тема отношений
610 Ключевые слова 0_
a Ключевые слова фэнтези
610 Ключевые слова 0_
a Ключевые слова романтические рассказы
610 Ключевые слова 0_
a Ключевые слова тема испытаний
610 Ключевые слова 0_
a Ключевые слова тема отношений
610 Ключевые слова 0_
a Ключевые слова тема магии
610 Ключевые слова 0_
a Ключевые слова тема эльфов
610 Ключевые слова 0_
a Ключевые слова эльфы
610 Ключевые слова 0_
a Ключевые слова магия
610 Ключевые слова 0_
a Ключевые слова тема богов
610 Ключевые слова 0_
a Ключевые слова любовь
610 Ключевые слова 0_
a Ключевые слова тема романтики
610 Ключевые слова 0_
a Ключевые слова романтические отношения
610 Ключевые слова 0_
a Ключевые слова любовные отношения
610 Ключевые слова 0_
a Ключевые слова любовные истории
610 Ключевые слова 0_
a Ключевые слова истории любви
610 Ключевые слова 0_
a Ключевые слова истории про любовь
610 Ключевые слова 0_
a Ключевые слова любовное фэнтези
610 Ключевые слова 0_
a Ключевые слова любовные испытания
610 Ключевые слова 0_
a Ключевые слова романтическая проза
610 Ключевые слова 0_
a Ключевые слова поиски любви
610 Ключевые слова 0_
a Ключевые слова романтические истории
610 Ключевые слова 0_
a Ключевые слова истории о любви
610 Ключевые слова 0_
a Ключевые слова юмористическая фантастика
610 Ключевые слова 0_
a Ключевые слова любовно-фантастические рассказы
610 Ключевые слова 0_
a Ключевые слова молодежная проза
610 Ключевые слова 0_
a Ключевые слова молодежное фэнтези
610 Ключевые слова 0_
a Ключевые слова романтическое фэнтези
686 Индексы других классификаций __
2 Код системы rubbks
a Классификационный индекс 84(2=411.2)6-445; ст84(2=411.2)6-445
801 Источник записи _0
a Страна RU
b Организация Муниципальное бюджетное учреждение культуры "Централизованная библиотечная система" г. Сургут (Центральная городская библиотека им. А. С. Пушкина)
c Дата составления 20260513
g Правила каталогизации PSBO
801 Источник записи _1
a Страна RU
b Организация Муниципальное бюджетное учреждение культуры "Централизованная библиотечная система" г. Сургут (Центральная городская библиотека им. А. С. Пушкина)
c Дата составления 20260513
g Правила каталогизации PSBO
852 Данные о местонахождении __
i Авторский знак Л 93
j Шифр хранения 84(2=411.2)6-445
900 Макрообъекты __
a Макрообъекты Любовь на полынной улице, 2026
901 Тип документа __
a Ответственный ООФиК/Губина
t Тип документа x
901 Тип документа __
a Ответственный без партии
903 Характеристики (МАРС) __
a Дата передачи 20260513
c Наименование библиотеки (МАРС) Муниципальное бюджетное учреждение культуры "Централизованная библиотечная система" г. Сургут (Центральная городская библиотека им. А. С. Пушкина)
969 Тип издания __
a Тип издания молодежное издание